| 000 | 00374 a2200109 4500 | ||
|---|---|---|---|
| 001 | ART_12857 | ||
| 005 | 20260410161733.0 | ||
| 008 | 260409a | ||
| 245 | 1 | 0 | _aPropuestas de desindexación de la economísa por concertación y sin control de precios |
| 100 | 1 | _aApreda, Rodolfo | |
| 773 | 0 |
_tEjecutivos de finanzas _g- Año 7, Nº 53 (mar. 1989) _wREV2863 |
|
| 999 |
_c18086 _d18086 |
||